MARC

LEADER 00000nam0a2200000 4500
001 257713
005 20240223011140.0
035 |a (RuTPU)RU\TPU\book\280530 
090 |a 257713 
100 |a 20140418d1987 km y0rusy50 ca 
101 1 |a eng  |c rus 
102 |a RU 
105 |a a z 000zy 
200 1 |a Новые профессии магнита  |d The wonderful wizard of magnesia  |f М. Г. Мнеян 
210 |a Москва  |c Мир  |d 1987 
215 |a 160 с.  |c ил. 
300 |a На английском языке 
510 1 |a The wonderful wizard of magnesia  |z eng 
606 1 |a Магниты  |x (магнетизм)  |2 stltpush  |3 (RuTPU)RU\TPU\subj\40911  |9 60741 
610 1 |a физика 
610 1 |a магнитизм 
610 1 |a свойства 
610 1 |a состав 
610 1 |a исследования 
610 1 |a применение 
675 |a 537.6  |v 3 
700 1 |a Мнеян  |b М. Г.  |g Мирон Георгиевич 
801 1 |a RU  |b 63413507  |c 20140418 
801 2 |a RU  |b 63413507  |c 20201205  |g RCR 
942 |c BK